000 00382nam a22001697a 4500
005 20160624100849.0
008 160624b xxu||||| |||| 00| 0 eng d
020 _a0-07-059508-9
041 _aeng
082 _b9682
100 _aKrochnert, Gary
_92633
245 _aBasic Presentation Skill
260 _bTMH
_c2004
300 _a161
650 _aManagement
_9241
942 _cBK
999 _c3762
_d3761